000 00290nam a22001097a 4500
008 170124b xxu||||| |||| 00| 0 eng d
020 _a9780721605517
041 _aeng
080 _25TH
_a618.2
245 _aCLINICAL COMPANION/ MEDICAL-SURGICAL NURSING
_cIGNATAVICIUS&WORKMAN
942 _2udc
_cBK
999 _c3441
_d3441